| 000 | 00412nam a2200181Ia 4500 | ||
|---|---|---|---|
| 001 | 9950 | ||
| 005 | 20260306161756.0 | ||
| 008 | 260306t1993||||xx |||||||||||||| ||spa|| | ||
| 041 | _aESP | ||
| 082 |
_aCL 868.3 _bA43 |
||
| 100 |
_aAllende, Isabel _eAUT |
||
| 245 | 0 | _aDe amor y de sombra | |
| 260 | _c1993 | ||
| 300 |
_a270 páginas : _c17 cm. |
||
| 650 | _aGEN | ||
| 654 | _aCHU | ||
| 942 |
_cLIB _dJUS _fJUS _2ddc _n |
||
| 999 |
_c9950 _d9950 |
||